Rola islamského finančníctva vo vzťahoch Číny a arabských štátov Perzského zálivu

Spolupráca Číny a arabských štátov Perzského zálivu v oblasti rozvíjania islamskej ekonomiky, konkrétne islamského finančníctva a bankovníctva. Počiatky tejto spolupráce v prvom desaťročí tohto storočia. Úloha, akú mala iniciatíva Novej hodvábnej (NHC) cesty na túto spoluprácu. Hlavné prípady spolup...

Descripción completa

Guardado en:
Detalles Bibliográficos
Autor principal: Ondriaš, Juraj, 1988-
Formato: Capítulo de libro
Lenguaje:eslovaco
Materias:
Etiquetas: Agregar Etiqueta
Sin Etiquetas, Sea el primero en etiquetar este registro!

MARC

LEADER 00000naa$a2200000$$$4500
001 0279130
005 20240502074331.8
041 0 |a slo 
044 |a SK 
245 1 0 |a Rola islamského finančníctva vo vzťahoch Číny a arabských štátov Perzského zálivu  |c Juraj Ondriaš 
520 |a Spolupráca Číny a arabských štátov Perzského zálivu v oblasti rozvíjania islamskej ekonomiky, konkrétne islamského finančníctva a bankovníctva. Počiatky tejto spolupráce v prvom desaťročí tohto storočia. Úloha, akú mala iniciatíva Novej hodvábnej (NHC) cesty na túto spoluprácu. Hlavné prípady spolupráce medzi arabskými a čínskymi bankovými a finančnými inštitúciami. Hoci existuje veľký potenciál pre hospodársku spoluprácu medzi Čínou a krajinami Perzského zálivu na základe islamskej ekonomiky, predovšetkým v rámci NHC, tento potenciál sa zatiaľ nepodarilo naplniť. 
610 2 0 |a Čína 
610 2 0 |a islam 
610 2 0 |a spolupráca medzinárodná 
610 2 0 |a Blízky východ 
610 2 0 |a cesty dopravné 
100 1 |a Ondriaš, Juraj, 1988-